The woman I know : (Record no. 32162)
[ view plain ]
| 000 -LEADER | |
|---|---|
| fixed length control field | 00884nam a22002537a 4500 |
| 008 - FIXED-LENGTH DATA ELEMENTS--GENERAL INFORMATION | |
| fixed length control field | 250514b |||||||| |||| 00| 0 eng d |
| 017 ## - LEGAL DEPOSIT NUMBER | |
| Legal deposit number | LD.5068 |
| 018 ## - LEGAL DEPOSIT YEAR | |
| LDD Year | 2025 |
| 020 ## - INTERNATIONAL STANDARD BOOK NUMBER | |
| ISBN | 9789787901175 |
| 040 ## - CATALOGING SOURCE | |
| Original cataloging agency | NLN |
| Language of cataloging | English |
| Description conventions | AACR2 |
| 100 ## - MAIN ENTRY--AUTHOR | |
| Author | OGUEJIOFOR, Patrick |
| Relator term | aut. |
| 245 ## - TITLE STATEMENT | |
| Title | The woman I know : |
| Remainder of title | a biography of Bilikisu Abdulmalik Bashir / |
| Statement of responsibility, etc | Patrick Oguejiofor, I. O. Igwenyi and Musa Azare |
| 260 ## - PUBLICATION, DISTRIBUTION, ETC. (IMPRINT) | |
| Place of publication | Garki, Abuja (23 Karaye Street Off Ladoke Akintola Boulevard) : |
| Name of publisher | Mazariyya Books, |
| Date of publication | 2024 |
| 300 ## - COLLATION | |
| Pagination | xxxix, 304p. : |
| Other physical details | ports(Some col.) ; 23cm |
| 563 ## - BINDING INFORMATION | |
| Binding note | (pbk) |
| 650 ## - TRACINGS | |
| Main Subject | Bashir, Bilikisu Abdulmalik, |
| 650 ## - TRACINGS | |
| Main Subject | Administrator |
| Subdivision (1st) | Nigeria |
| Subdivision (2nd) | Biography |
| 700 ## - ADDITIONAL AUTHOR | |
| Additional Author | <a href="IGWENYI, I. O.">IGWENYI, I. O.</a> |
| Relator term | ctb |
| 700 ## - ADDITIONAL AUTHOR | |
| Additional Author | <a href="AZARE, Musa">AZARE, Musa</a> |
| Relator term | ctb |
| 942 ## - ADDED ENTRY ELEMENTS (KOHA) | |
| Item type | Books |
| Suppress in OPAC | No |
| 050 ## - LIBRARY OF CONGRESS CALL NUMBER | |
| Classification number | DT515.83.B299 |
| Item number | O35 |
| 082 ## - DEWEY DECIMAL CLASSIFICATION NUMBER | |
| Classification number | 923.4669 |
| Source of classification or shelving scheme | Not for loan | Home library | Current library | Date acquired | Mode of acquisition | Accession No. | Full call number | Barcode. | Copy number | Koha item type |
|---|---|---|---|---|---|---|---|---|---|---|
| Library of Congress Classification | ABUJA LIBRARY BRANCH | National Library of Nigeria | 14/05/2025 | Legal deposit | 275215 | DT515.83.B299 O35 | 275215 | 1 | Books | |
| Library of Congress Classification | LAGOS BRANCH | National Library of Nigeria | 14/05/2025 | Legal deposit | 275214 | DT515.83.B299 O35 | 275214 | 1 | Books | |
| Library of Congress Classification | PORT HARCOURT BRANCH | National Library of Nigeria | 14/05/2025 | Legal deposit | 275213 | DT515.83.B299 O35 | 275213 | 1 | Books |
